01575nam a2200313Ia 450000500170000000800570001702000180007404100080009210000430010024501170014325000230026030000250028349000280030850000520033650503780038852100360076665000400080265000420084265000430088494200150092726400410094233600270098333700330101033800280104304000350107108400110110699900150111795201290113220220317001700.000003022014 ck a g spa spa a9789588894195 aspa1 aGarcía Márquez, Gabrield1928-201410aLa increíble y triste historia de la cándida Eréndira y de su abuela desalmadacGabriel García Márquez aPrimera edición  a146 páginasc23 cm aLiteratura Random House aIncluye datos biográficos del autor en solapa aUn señor muy viejo con unas alas enormes (1968) -- El mar del tiempo perdido (1961) -- El ahogado más hermoso del mundo (1968) -- Muerte constante más allá del amor (1970) -- El último viaje del buque fantasma (1968) -- Blacamán el bueno, vendedor de milagros (1968) -- La increíble y triste historia de la cándida Eréndira y de su abuela desalmada (1972) aRecomendado desde los 15 años142LEMBaCuentos colombianosySiglo XX142LEMBaLiteratura colombianaySiglo XX142LEMBaVida cotidiana en la literatura  2loccBKLIT aBogotábPenguin Random Housec2014 atextobtxt2rdacontent asin mediaciónbn2rdamedia avolumenbnc2rdacarrier aCO-BoRNBPbspaerdacCO-BoRNBP aC GAR2 c7767d7767 00102ddc40708GENaMELEJANIbMELEJANIcGENd2026-02-04l0oC GAR2pLEJ02106r2026-02-04 22:10:54tEj.1w2026-02-04yBKLIT